00698nas a2200229Ia 4500001001100000003000900011008004100020040001300061040001300074041001300087100004400100210001100144222001100155245007700166250001100243260003000254501008600284300001800370362002600388500001800414650003600432R008/C4892IT-RoPAU151124c99999999xx |||||||||||| ||und|| aIT-RoPAU cIT-RoPAU aITALIANO aMosca UmbertogCodice Aut. SPICS: 35760 aGARAGE aGarage aGARAGE, ANNO 01-N.01 (1994)bPercorsi Della Mente E Isole di Significato a1a ed. aTORINObSCRIPTORIUMc1994 bPaulus - SPICS - Società San Paolo EM (non-commercial uses only)cCopyright2015 a12 p. [84-95] aANNO 001, N.01 (1994) aJane Campion. aCINEMAvPUBBLICAZIONE PERIODICA